<?xml version="1.0" encoding="UTF-8"?>
<record
    xmlns:xsi="http://www.w3.org/2001/XMLSchema-instance"
    xsi:schemaLocation="http://www.loc.gov/MARC21/slim http://www.loc.gov/standards/marcxml/schema/MARC21slim.xsd"
    xmlns="http://www.loc.gov/MARC21/slim">

  <leader>04144ngm a2200577   4500</leader>
  <controlfield tag="001">DVD-000120</controlfield>
  <controlfield tag="003">dpl</controlfield>
  <controlfield tag="005">20080722174142.0</controlfield>
  <controlfield tag="007">DVD</controlfield>
  <controlfield tag="008">060926p19991992cau115 e          vleng d</controlfield>
  <datafield tag="010" ind1=" " ind2=" ">
    <subfield code="a">DVD-00012  DVD-001056-1057 &amp; DVD-005316-5320</subfield>
  </datafield>
  <datafield tag="024" ind1=" " ind2=" ">
    <subfield code="a">25227</subfield>
    <subfield code="c">499.00, 299.00 (Revised Price)</subfield>
  </datafield>
  <datafield tag="035" ind1=" " ind2=" ">
    <subfield code="a">DVD-00012  DVD-001056-1057</subfield>
  </datafield>
  <datafield tag="035" ind1=" " ind2=" ">
    <subfield code="a">DVD-005316-5320</subfield>
  </datafield>
  <datafield tag="040" ind1=" " ind2=" ">
    <subfield code="a">DPL</subfield>
    <subfield code="c">DPL</subfield>
  </datafield>
  <datafield tag="082" ind1=" " ind2=" ">
    <subfield code="a">DVD / ALIE</subfield>
  </datafield>
  <datafield tag="245" ind1=" " ind2=" ">
    <subfield code="a">Alien 3</subfield>
    <subfield code="h">[videorecording(DVD)] /</subfield>
    <subfield code="c">a Brandywine production ; Twentieth Century Fox ; director, David Fincher ; producers, Gordon Carroll, David Giler, Walter Hill ; screenplay, David Giler, Walter Hill, Larry Ferguson ; story, Vincent Ward.</subfield>
  </datafield>
  <datafield tag="246" ind1=" " ind2=" ">
    <subfield code="a">Alien three.</subfield>
  </datafield>
  <datafield tag="250" ind1=" " ind2=" ">
    <subfield code="a">Special Edition</subfield>
  </datafield>
  <datafield tag="260" ind1=" " ind2=" ">
    <subfield code="a">Beverly Hills, Calif. </subfield>
    <subfield code="b">Twentieth Century Fox Home Entertainment,</subfield>
    <subfield code="c">c1992.</subfield>
  </datafield>
  <datafield tag="300" ind1=" " ind2=" ">
    <subfield code="a">2 videodisc DVD (115 min.) :</subfield>
    <subfield code="b">sd., col. ;</subfield>
    <subfield code="c">4 3/4 in.</subfield>
  </datafield>
  <datafield tag="440" ind1=" " ind2=" ">
    <subfield code="a">Alien legacy.</subfield>
  </datafield>
  <datafield tag="500" ind1=" " ind2=" ">
    <subfield code="a">Originally produced as a motion picture by 20th Century Fox in 1992.</subfield>
  </datafield>
  <datafield tag="500" ind1=" " ind2=" ">
    <subfield code="a">Includes "The making of Alien 3" and original theatrical trailer.</subfield>
  </datafield>
  <datafield tag="508" ind1=" " ind2=" ">
    <subfield code="a">Director, David Fincher ; producers, Gordon Carroll, David Giler, Walter Hill ; screenplay, David Giler, Walter Hill, Larry Ferguson ; story, Vincent Ward ; based on characters created by Dan O'Bannon, Ronald Shusett ; music, Elliot Goldenthal.</subfield>
  </datafield>
  <datafield tag="511" ind1=" " ind2=" ">
    <subfield code="a">Sigourney Weaver, Charles S. Dutton, Charles Dance.</subfield>
  </datafield>
  <datafield tag="520" ind1=" " ind2=" ">
    <subfield code="a">When Ripley survives a crash landing on Fiorina 161, a bleak prison planet, the convicts soon begin turning up dead and she realizes she wasn't the only survivor.</subfield>
  </datafield>
  <datafield tag="521" ind1=" " ind2=" ">
    <subfield code="a">Rated R.</subfield>
  </datafield>
  <datafield tag="538" ind1=" " ind2=" ">
    <subfield code="a">DVD; letterbox widescreen format (aspect ratio: 2.35:1); English 5.1 Surround; English Dolby Surround; French Dolby Surround; interactive menus; scene selection.</subfield>
  </datafield>
  <datafield tag="546" ind1=" " ind2=" ">
    <subfield code="a">Subtitles in English and Spanish; closed-captioned for the hearing impaired.</subfield>
  </datafield>
  <datafield tag="655" ind1=" " ind2=" ">
    <subfield code="a">Science fiction films.</subfield>
    <subfield code="2">lcsh.</subfield>
  </datafield>
  <datafield tag="655" ind1=" " ind2=" ">
    <subfield code="a">Feature films.</subfield>
    <subfield code="2">lcsh.</subfield>
  </datafield>
  <datafield tag="700" ind1=" " ind2=" ">
    <subfield code="a">Weaver, Sigourney,</subfield>
    <subfield code="d">1949-</subfield>
  </datafield>
  <datafield tag="700" ind1=" " ind2=" ">
    <subfield code="a">Dutton, Charles S.</subfield>
  </datafield>
  <datafield tag="700" ind1=" " ind2=" ">
    <subfield code="a">Dance, Charles.</subfield>
  </datafield>
  <datafield tag="700" ind1=" " ind2=" ">
    <subfield code="a">Fincher, David.</subfield>
  </datafield>
  <datafield tag="710" ind1=" " ind2=" ">
    <subfield code="a">Twentieth Century Fox Home Entertainment, Inc.</subfield>
  </datafield>
  <datafield tag="710" ind1=" " ind2=" ">
    <subfield code="a">Twentieth Century-Fox Film Corporation.</subfield>
  </datafield>
  <datafield tag="730" ind1=" " ind2=" ">
    <subfield code="a">Making of Alien 3.</subfield>
  </datafield>
  <datafield tag="942" ind1=" " ind2=" ">
    <subfield code="c">CF</subfield>
    <subfield code="2">ddc</subfield>
    <subfield code="h">DVD</subfield>
    <subfield code="m">ALIE</subfield>
  </datafield>
  <datafield tag="999" ind1=" " ind2=" ">
    <subfield code="c">14541</subfield>
    <subfield code="d">14541</subfield>
  </datafield>
  <datafield tag="952" ind1=" " ind2=" ">
    <subfield code="0">0</subfield>
    <subfield code="1">0</subfield>
    <subfield code="2">ddc</subfield>
    <subfield code="4">0</subfield>
    <subfield code="7">0</subfield>
    <subfield code="a">L</subfield>
    <subfield code="b">L</subfield>
    <subfield code="d">2008-07-22</subfield>
    <subfield code="g">499.00</subfield>
    <subfield code="l">39</subfield>
    <subfield code="o">DVD / ALIE</subfield>
    <subfield code="p">DVD-000120</subfield>
    <subfield code="q">2012-04-09</subfield>
    <subfield code="r">2012-03-26 00:00:00</subfield>
    <subfield code="s">2012-03-26</subfield>
    <subfield code="t">1</subfield>
    <subfield code="v">499.00</subfield>
    <subfield code="w">2008-09-15</subfield>
    <subfield code="y">CF</subfield>
  </datafield>
  <datafield tag="952" ind1=" " ind2=" ">
    <subfield code="0">0</subfield>
    <subfield code="1">0</subfield>
    <subfield code="2">ddc</subfield>
    <subfield code="4">0</subfield>
    <subfield code="7">0</subfield>
    <subfield code="a">ZLS</subfield>
    <subfield code="b">ZLS</subfield>
    <subfield code="d">2008-10-20</subfield>
    <subfield code="e">Purchase</subfield>
    <subfield code="g">499.00</subfield>
    <subfield code="l">12</subfield>
    <subfield code="o">DVD ALIE</subfield>
    <subfield code="p">DVD-001056</subfield>
    <subfield code="r">2011-11-29 00:00:00</subfield>
    <subfield code="s">2011-11-29</subfield>
    <subfield code="t">1</subfield>
    <subfield code="v">499.00</subfield>
    <subfield code="w">2008-10-20</subfield>
    <subfield code="y">CF</subfield>
  </datafield>
  <datafield tag="952" ind1=" " ind2=" ">
    <subfield code="0">0</subfield>
    <subfield code="1">0</subfield>
    <subfield code="2">ddc</subfield>
    <subfield code="4">0</subfield>
    <subfield code="7">0</subfield>
    <subfield code="a">BL1</subfield>
    <subfield code="b">BL1</subfield>
    <subfield code="d">2008-10-20</subfield>
    <subfield code="e">Purchase</subfield>
    <subfield code="g">499.00</subfield>
    <subfield code="l">25</subfield>
    <subfield code="o">DVD ALIE</subfield>
    <subfield code="p">DVD-001057</subfield>
    <subfield code="r">2014-12-19 00:00:00</subfield>
    <subfield code="s">2014-12-18</subfield>
    <subfield code="t">1</subfield>
    <subfield code="w">2008-10-20</subfield>
    <subfield code="y">CF</subfield>
  </datafield>
  <datafield tag="952" ind1=" " ind2=" ">
    <subfield code="0">0</subfield>
    <subfield code="1">0</subfield>
    <subfield code="2">ddc</subfield>
    <subfield code="4">0</subfield>
    <subfield code="7">0</subfield>
    <subfield code="a">JP</subfield>
    <subfield code="b">JP</subfield>
    <subfield code="d">2009-12-15</subfield>
    <subfield code="e">Pioneers/885/29-10-09/325/13-10-09 /06-11-09 	</subfield>
    <subfield code="g">299.00</subfield>
    <subfield code="l">25</subfield>
    <subfield code="m">2</subfield>
    <subfield code="o">DVD ALIE</subfield>
    <subfield code="p">DVD-005316</subfield>
    <subfield code="r">2013-04-04 00:00:00</subfield>
    <subfield code="s">2013-03-23</subfield>
    <subfield code="t">1</subfield>
    <subfield code="v">299.00</subfield>
    <subfield code="w">2009-12-15</subfield>
    <subfield code="y">CF</subfield>
  </datafield>
  <datafield tag="952" ind1=" " ind2=" ">
    <subfield code="0">0</subfield>
    <subfield code="1">0</subfield>
    <subfield code="2">ddc</subfield>
    <subfield code="4">0</subfield>
    <subfield code="7">0</subfield>
    <subfield code="a">RKP</subfield>
    <subfield code="b">RKP</subfield>
    <subfield code="d">2009-12-15</subfield>
    <subfield code="e">Pioneers/885/29-10-09/325/13-10-09 /06-11-09 	</subfield>
    <subfield code="g">299.00</subfield>
    <subfield code="l">5</subfield>
    <subfield code="o">DVD ALIE</subfield>
    <subfield code="p">DVD-005317</subfield>
    <subfield code="r">2013-11-13 00:00:00</subfield>
    <subfield code="s">2013-11-08</subfield>
    <subfield code="t">1</subfield>
    <subfield code="v">299.00</subfield>
    <subfield code="w">2009-12-15</subfield>
    <subfield code="y">CF</subfield>
  </datafield>
  <datafield tag="952" ind1=" " ind2=" ">
    <subfield code="0">0</subfield>
    <subfield code="1">0</subfield>
    <subfield code="2">ddc</subfield>
    <subfield code="4">0</subfield>
    <subfield code="7">0</subfield>
    <subfield code="a">VP</subfield>
    <subfield code="b">VP</subfield>
    <subfield code="d">2009-12-15</subfield>
    <subfield code="e">Pioneers/885/29-10-09/325/13-10-09 /06-11-09 	</subfield>
    <subfield code="g">299.00</subfield>
    <subfield code="l">13</subfield>
    <subfield code="o">DVD ALIE</subfield>
    <subfield code="p">DVD-005318</subfield>
    <subfield code="r">2016-05-12 00:00:00</subfield>
    <subfield code="s">2016-05-11</subfield>
    <subfield code="t">1</subfield>
    <subfield code="v">299.00</subfield>
    <subfield code="w">2009-12-15</subfield>
    <subfield code="y">CF</subfield>
  </datafield>
  <datafield tag="952" ind1=" " ind2=" ">
    <subfield code="0">0</subfield>
    <subfield code="1">3</subfield>
    <subfield code="2">ddc</subfield>
    <subfield code="4">0</subfield>
    <subfield code="7">0</subfield>
    <subfield code="a">BL3</subfield>
    <subfield code="b">BL3</subfield>
    <subfield code="d">2009-12-15</subfield>
    <subfield code="e">Pioneers/885/29-10-09/325/13-10-09 /06-11-09 </subfield>
    <subfield code="g">299.00</subfield>
    <subfield code="l">3</subfield>
    <subfield code="o">DVD ALIE</subfield>
    <subfield code="p">DVD-005319</subfield>
    <subfield code="r">2010-08-27 00:00:00</subfield>
    <subfield code="s">2010-08-12</subfield>
    <subfield code="t">1</subfield>
    <subfield code="v">299.00</subfield>
    <subfield code="w">2009-12-15</subfield>
    <subfield code="y">CF</subfield>
  </datafield>
  <datafield tag="952" ind1=" " ind2=" ">
    <subfield code="0">0</subfield>
    <subfield code="1">0</subfield>
    <subfield code="2">ddc</subfield>
    <subfield code="4">0</subfield>
    <subfield code="7">0</subfield>
    <subfield code="a">NR</subfield>
    <subfield code="b">NR</subfield>
    <subfield code="d">2009-12-15</subfield>
    <subfield code="e">Pioneers/885/29-10-09/325/13-10-09 /06-11-09 	</subfield>
    <subfield code="g">299.00</subfield>
    <subfield code="l">9</subfield>
    <subfield code="m">1</subfield>
    <subfield code="o">DVD ALIE</subfield>
    <subfield code="p">DVD-005320</subfield>
    <subfield code="r">2012-02-12 00:00:00</subfield>
    <subfield code="s">2012-02-07</subfield>
    <subfield code="t">1</subfield>
    <subfield code="v">299.00</subfield>
    <subfield code="w">2009-12-15</subfield>
    <subfield code="y">CF</subfield>
  </datafield>
</record>
